000 00221nam a2200097Ia 4500
008 240331s9999 xx 000 0 und d
082 _bMCC
100 _aMccall Smith, A
245 0 _aMorality for Beautiful girls
942 _cL
999 _c5702
_d5702